000 00830nam a22002297a 4500
005 20140903174953.0
008 131120s2002 enkad frn 001 0 eng
020 _a9780195157987
040 _aCO-BoUCM
_bspa
_cAngélica Rojas
_dAldemar Mondragón
041 0 0 _aeng
100 1 _aShermer, Michael
_950893
245 1 3 _aThe borderlands of science where sense meets nonsense
_cMichael Shermer
260 _aOxford (Reino Unido)
_bOxford University Press
_c2002
300 _aviii, 360 páginas
_bilustraciones y gráficas
504 _aIncluye referencias bibliográficas e índices
650 7 _aCiencia
_xFilosofía
_942111
650 7 _aCreencia y duda
_912127
650 7 _aEscepticismo
_914754
690 _942755
_aCiencias naturales
942 _a25
_cLIBRO
_e1
_mS553b
_2DEWEY
_h500
999 _c182603
_d182603